|
|
|
|
| LEADER |
00000cam a2200000 7i4500 |
| 001 |
0000009008 |
| 005 |
20031111093000.0 |
| 008 |
021119s1982 |
| 090 |
0 |
0 |
|a KM1650.A3156
|b A3 1982 (A)
|
| 110 |
1 |
|
|a Malaya
|
| 245 |
1 |
0 |
|a Ordinan Jualan Barang-barang (Negeri-negeri Melayu) 1957 (Bil. 1 Tahun 1957)
|
| 260 |
2 |
|
|a Kuala Lumpur :
|b Malaysian Law Publishers ,
|c 1982
|
| 300 |
|
|
|a iii, 25 p. ;
|c 25 cm.
|
| 650 |
|
0 |
|a Commercial law
|z Malaysia
|
| 650 |
|
0 |
|a Contracts
|z Malaysia
|
| 650 |
|
0 |
|a Sales
|x Law and legislation
|z Malaysia
|
| 999 |
|
|
|a 1000021864
|b Legislations
|c Reference
|e Gong Badak Campus
|